000 00459nam a2200181Ia 4500
005 20250326144217.0
008 250326s9999 xx 000 0 und d
037 _aTextbook
040 _aFMSL
_beng
_cFMSL
041 _aeng
_2eng
084 _qFMSL
100 _aSingh J
_9339649
245 0 _aGreat ideas in information theory
_cSingh J
260 _aLondon
_bLondon, Constable
_c1967
300 _a338p
942 _cTB
999 _c1302813
_d1302813